000 00493nam a2200193 a 4500
001 1766480582339
003 YourLibrary
005 20251226120329.0
008 251223s1998##################000#0#eng##
020 _a9780684836072
082 0 4 _a280.4097309
_bREE
100 1 _aReeves, Thomas,
_eauthor.
245 1 0 _aThe Empty Church :
260 _bSimon and Schuster,
_c1998.
300 _a296 pages
650 0 _aReligion.
942 _cENGLISH
040 _aYourLibrary
_beng
_cYourLibrary
999 _c605210
_d605210